ბათუმის შოთა რუსთაველის სახელმწიფო უნივერსიტეტის ბიბლიოთეკა

დრამატული პოეზია.ორ ტომად. ტ.2 (ბიბ.ჩანაწერი № 42128)

000 -LEADER
fixed length control field 00739nam a2200229Ia 4500
001 - CONTROL NUMBER
control field 8820
003 - CONTROL NUMBER IDENTIFIER
control field GE_BSU
008 - FIXED-LENGTH DATA ELEMENTS--GENERAL INFORMATION
fixed length control field 181216s||||||||xx |||||||||||||| ||und||
040 ## - CATALOGING SOURCE
Transcribing agency GE_BSU
080 ## - UNIVERSAL DECIMAL CLASSIFICATION NUMBER
Universal Decimal Classification number 821.353.1-2
100 ## - MAIN ENTRY--PERSONAL NAME
Personal name კაკაბაძე,პოლიკარპე
245 ## - TITLE STATEMENT
Title დრამატული პოეზია.ორ ტომად. ტ.2
245 ## - TITLE STATEMENT
Remainder of title ტ.2
245 ## - TITLE STATEMENT
Statement of responsibility, etc. რედ:დ.კემულარია,მხატვ:შ.ნიორაძე
260 ## - PUBLICATION, DISTRIBUTION, ETC.
Place of publication, distribution, etc. თბილისი
260 ## - PUBLICATION, DISTRIBUTION, ETC.
Name of publisher, distributor, etc. ხელოვნება
260 ## - PUBLICATION, DISTRIBUTION, ETC.
Date of publication, distribution, etc. 1973
300 ## - PHYSICAL DESCRIPTION
Extent 650გვ,21სმ
300 ## - PHYSICAL DESCRIPTION
Other physical details 1 ფ. პორტრ.
653 ## - INDEX TERM--UNCONTROLLED
Uncontrolled term დრამატული პოეზია
942 ## - ADDED ENTRY ELEMENTS (KOHA)
Koha item type წიგნი
ეგზემპლარები
Withdrawn status Lost status Damaged status Not for loan Date acquired Barcode Date last seen Price effective from Koha item type
        2018-12-17 31290 2018-12-17 2018-12-17 წიგნი
        2018-12-17 31291 2018-12-17 2018-12-17 წიგნი
        2018-12-17 31292 2018-12-17 2018-12-17 წიგნი
        2018-12-17 31293 2018-12-17 2018-12-17 წიგნი